Statistiques concernant Culture Générale - Série 1001

Cliquez ici pour prendre le quiz!

Statistiques générales

  • Ce quiz a été pris 55 fois
  • Le résultat moyen est 8 sur 10

Statistiques - réponses

Question Réponse % Correct
De quel fruit la "Elstar", la "Braeburn" et la "Granny Smith" sont-elles des variétés ?pomme
94%
Comment appelle-t-on l'ensemble de textes de lois réglementant la circulation routière ?Code de la route
92%
Dans quel pays se situe la ville de Baton Rouge ?États-Unis
90%
Quel nom de fromage donne-t-on familièrement au graphique circulaire utilisé en statistique ?camembert
88%
Dans quel pays se trouve le fleuve nommé "Pô" ?Italie
88%
Dans la Bible, qui fut tué par son frère Caïn ?Abel
82%
Dans quel roman de Victor Hugo trouve-t-on les personnages de l'abbé Frollo et de Fleur-de-Lys ?Notre-Dame de Paris
78%
En allemand, avec le masculin et le féminin, quel est le troisième genre grammatical ?le neutre
73%
Quel groupe d'acteurs américains était notamment formé des frères Groucho, Chico et Harpo ?Les Marx Brothers
51%
Quelle était la nationalité d'origine de Greta Garbo ?Suédoise
47%

Distribution des résultats

Percentile par nombre de réponses

% des personnes avec chaque résultat

Votre développement - résultats

Vous n’avez pas pris ce quiz